1898 desastre o reconciliación?

Sparad:
Bibliografiska uppgifter
Huvudupphovsmän: Zea, Leopoldo (Författare, medförfattare), Magallón, Mario (Författare, medförfattare)
Materialtyp: Bok
Språk:spanska
Publicerad: Cuernavaca Instituto Panamericano de Geografía e Historia 2000
Cuernavaca Fondo de Cultura Económica 2000
Upplaga:1a. ed
Serie:Latinoamérica Fin de Milenio, 6
Ämnen:
Taggar: Lägg till en tagg
Inga taggar, Lägg till första taggen!

MARC

LEADER 00000cam a2200000 a 4500
001 UCG2574
003 CL-VaPUC
008 100715e20000000mx |||||||||||||||||spa|d
020 |a 9686384448 
082 0 4 |a 973  |b ZEA  |2 21 
100 0 |a Zea, Leopoldo  |e author  |9 465991 
700 0 |a Magallón, Mario  |e author  |9 551045 
245 1 0 |a 1898 desastre o reconciliación? 
250 |a 1a. ed 
300 |a 178 p 
942 |c BK 
945 |d 20100715 00:00:00  |a dcastane 
260 |a Cuernavaca  |b Instituto Panamericano de Geografía e Historia  |c 2000 
260 |a Cuernavaca  |b Fondo de Cultura Económica  |c 2000 
650 0 |a Diplomacia  |9 256483 
650 0 |a Tratados internacionales   |9 256056 
651 0 |a España  |9 254926 
651 7 |a ESTADOS UNIDOS DE NORTEAMERICA  |2 CL-VaPUC  |9 316036 
583 |a last modification  |c 20180912 05:42:58  |k Rodrigo Vera 
490 0 |a Latinoamérica Fin de Milenio, 6 
999 |c 341713  |d 341711 
952 |0 0  |1 0  |4 0  |6 973_000000000000000_ZEA_2000_2000  |7 0  |8 A  |9 437395  |a FDOPOS  |b FDOPOS  |d 2019-11-22  |i 4688686  |o 973 ZEA 2000 2000  |p 4688686  |r 2025-01-22  |w 2019-11-22  |y BK  |k DLH